| 000 | 00508nam a22001937a 4500 | ||
|---|---|---|---|
| 003 | OSt | ||
| 005 | 20241028090915.0 | ||
| 008 | 241028b |||||||| |||| 00| 0 eng d | ||
| 020 | _a9789988070373 | ||
| 040 | _cn | ||
| 050 |
_aNA2520 _b.A67 |
||
| 245 |
_aThe Architects' Handbook _cQuentin Pickard (editor) |
||
| 260 |
_aUSA _bBlackwell Science Ltd _c2002 |
||
| 300 |
_aix. 454pages.; _bill. _c29.5cm |
||
| 500 | _aIncludes index | ||
| 650 | _2Architecture | ||
| 700 | _aPickard, Quentin | ||
| 942 |
_2lcc _cBK _n0 |
||
| 999 |
_c261 _d261 |
||